Phân tích kinh tế ập bài giảng dùng cho sinh viên hệ Cao đẳng chuyên ngành kế toán Lao động xã hội
v.v...
Đã lưu trong:
| Tác giả chính: | |
|---|---|
| Định dạng: | Sách |
| Năm xuất bản: |
H.
Lao động xã hội
2000
|
| Chủ đề: | |
| Tags: |
Thêm thẻ
Không có thẻ, Hãy là người đầu tiên gắn thẻ bản ghi này!
|
| LEADER | 01164nam a2200205 4500 | ||
|---|---|---|---|
| 082 | |a 330.071 |b PH120t. | ||
| 100 | |a Vũ Văn Hải | ||
| 245 | |a Phân tích kinh tế |c Vũ Văn Hải chủ biên |b ập bài giảng dùng cho sinh viên hệ Cao đẳng chuyên ngành kế toán Lao động xã hội | ||
| 260 | |a H. |b Lao động xã hội |c 2000 | ||
| 300 | |a 126 tr. |c 24 cm | ||
| 520 | |a v.v... | ||
| 653 | |a Kinh tế | ||
| 653 | |a phân tích | ||
| 653 | |a bài giảng | ||
| 942 | |2 ddc |c STK0 | ||
| 999 | |c 9436 |d 9436 | ||
| 952 | |0 0 |1 0 |2 ddc |4 0 |6 330_071000000000000_PH120T |7 0 |8 300 |9 75224 |a qbu |b qbu |c D2 |d 2015-05-11 |g 23000 |o 330.071 PH120t. |p 9156.c1 |r 0000-00-00 |w 2015-05-11 |y STK0 | ||
| 952 | |0 0 |1 0 |2 ddc |4 0 |6 330_071000000000000_PH120T |7 0 |8 300 |9 75225 |a qbu |b qbu |c D2 |d 2015-05-11 |g 23000 |o 330.071 PH120t. |p 9156.c2 |r 0000-00-00 |w 2015-05-11 |y STK0 | ||
| 952 | |0 0 |1 0 |2 ddc |4 0 |6 330_071000000000000_PH120T |7 0 |8 300 |9 75226 |a qbu |b qbu |c D2 |d 2015-05-11 |g 23000 |o 330.071 PH120t. |p 9156.c3 |r 0000-00-00 |w 2015-05-11 |y STK0 | ||
| 952 | |0 0 |1 0 |2 ddc |4 0 |6 330_071000000000000_PH120T |7 0 |8 300 |9 75227 |a qbu |b qbu |c D2 |d 2015-05-11 |g 23000 |l 11 |m 9 |o 330.071 PH120t. |p 9156.c4 |r 2019-11-13 |s 2019-08-13 |w 2015-05-11 |y STK0 | ||